Colonialism / Postcolonialism (Record no. 11455)

MARC details
000 -LEADER
fixed length control field 00394nam a22001697a 4500
003 - CONTROL NUMBER IDENTIFIER
control field OSt
008 - FIXED-LENGTH DATA ELEMENTS--GENERAL INFORMATION
fixed length control field 220810b ||||| |||| 00| 0 eng d
020 ## - INTERNATIONAL STANDARD BOOK NUMBER
International Standard Book Number 9781138225602
082 ## - DEWEY DECIMAL CLASSIFICATION NUMBER
Classification number 325.3 LOC
100 ## - MAIN ENTRY--PERSONAL NAME
Personal name LOOMBA, Ania
245 ## - TITLE STATEMENT
Title Colonialism / Postcolonialism
250 ## - EDITION STATEMENT
Edition statement 3rd ed.
260 ## - PUBLICATION, DISTRIBUTION, ETC. (IMPRINT)
Place of publication, distribution, etc London
Name of publisher, distributor, etc Routledge
Date of publication, distribution, etc 2015
300 ## - PHYSICAL DESCRIPTION
Extent 304 p.
650 ## - SUBJECT ADDED ENTRY--TOPICAL TERM
Topical term or geographic name as entry element English (H)
942 ## - ADDED ENTRY ELEMENTS (KOHA)
Source of classification or shelving scheme Dewey Decimal Classification
Koha item type Text Books
Holdings
Withdrawn status Lost status Source of classification or shelving scheme Damaged status Not for loan Collection code Home library Current library Date acquired Source of acquisition Currency Cost, normal purchase price Bill Number Total Checkouts Full call number Acc. no. / Barcode Date last seen Date last borrowed Actual Cost, discounted price Bill Date Koha item type
    Dewey Decimal Classification     B.A Hons. English PIET NCR College Library PIET NCR College Library 26/07/2022 Kirti Prakashan In Rupees 595.00 IN544 2 325.3 LOC N2514 16/06/2025 03/02/2025 446.20 26/07/2022 Text Books
    Dewey Decimal Classification     B.A Hons. English PIET NCR College Library PIET NCR College Library 26/07/2022 Kirti Prakashan In Rupees 595.00 IN544   325.3 LOC N2515 10/08/2022   446.20 26/07/2022 Text Books
    Dewey Decimal Classification     B.A Hons. English PIET NCR College Library PIET NCR College Library 26/07/2022 Kirti Prakashan In Rupees 595.00 IN544   325.3 LOC N2516 10/08/2022   446.20 26/07/2022 Text Books
    Dewey Decimal Classification     B.A Hons. English PIET NCR College Library PIET NCR College Library 26/07/2022 Kirti Prakashan In Rupees 595.00 IN544   325.3 LOC N2517 01/02/2024   446.20 26/07/2022 Text Books
    Dewey Decimal Classification     B.A Hons. English PIET NCR College Library PIET NCR College Library 26/07/2022 Kirti Prakashan In Rupees 595.00 IN544   325.3 LOC N2518 10/08/2022   446.20 26/07/2022 Text Books

Design & Developed by: PIET Central Library
R70 Miles Stone Pattikalyana Samalkha Panipat 132102
mail ID :- [email protected], Phone No:- 0180-2569700 Ex.216